000 00436nam a22001577a 4500
003 OSt
008 260423b |||||||| |||| 00| 0 eng d
082 _a634.44
_bA25S
100 _aAhmad, Md. Shakil
245 _aStorage Studies of Mango (Mangifera Indics Linn.) Cultivar Amrapali
260 _aPusa, Samastipur
_bRAU, Bihar
_c1994
300 _a76P.
502 _bMsc.
_d1994
650 _aFruit and Fruit Technology
942 _2ddc
_cT
999 _c50122
_d50122